000 00599nam a2200169Ia 4500
008 090711s9999 xx 000 0 und d
082 _b53099
100 _aपांढरीपांडे विजय म.
245 _aदेवाशपथ खरं सांगेन
260 _c1985
300 _a100
600 _aपांढरीपांडे विजय म.
630 _aदेवाशपथ खरं सांगेन
700 _aपांढरीपांडे विजय म.
730 _aदेवाशपथ खरं सांगेन
942 _cBOOK
999 _c302103
_d302103